Diabolské hry (Record no. 22310)
[ view plain ]
| 000 -LEADER | |
|---|---|
| fixed length control field | 01620nam a2200517 a 4500 |
| 001 - CONTROL NUMBER | |
| control field | 22310 |
| 003 - CONTROL NUMBER IDENTIFIER | |
| control field | VRT |
| 005 - DATE AND TIME OF LATEST TRANSACTION | |
| control field | 20260326085151.0 |
| 008 - FIXED-LENGTH DATA ELEMENTS--GENERAL INFORMATION | |
| fixed length control field | 170404s2017 xo oc d 000 fdslo d |
| 020 ## - INTERNATIONAL STANDARD BOOK NUMBER | |
| International Standard Book Number | 9788055151656 (viaz.) |
| 035 ## - SYSTEM CONTROL NUMBER | |
| System control number | a000581828 |
| 039 #9 - LEVEL OF BIBLIOGRAPHIC CONTROL AND CODING DETAIL [OBSOLETE] | |
| Level of rules in bibliographic description | 201706291152 |
| Level of effort used to assign nonsubject heading access points | izakovicm |
| Level of effort used to assign subject headings | 201705171333 |
| Level of effort used to assign classification | izakovicm |
| Level of effort used to assign subject headings | 201705051405 |
| Level of effort used to assign classification | argo |
| Level of effort used to assign subject headings | 201704041308 |
| Level of effort used to assign classification | edita |
| 040 ## - CATALOGING SOURCE | |
| Original cataloging agency | TTKJF |
| Language of cataloging | slo |
| Transcribing agency | UKB |
| Modifying agency | PPPK |
| Description conventions | AACR2 |
| 041 1# - LANGUAGE CODE | |
| Language code of text/sound track or separate title | slo |
| Language code of original | eng |
| 044 ## - COUNTRY OF PUBLISHING/PRODUCING ENTITY CODE | |
| MARC country code | xo |
| ISO country code | SK |
| 072 #7 - SUBJECT CATEGORY CODE | |
| Subject category code | 821.111-3 |
| Subject category code subdivision | Anglická próza, anglicky písaná |
| Source | konspekt |
| 080 ## - UNIVERSAL DECIMAL CLASSIFICATION NUMBER | |
| Universal Decimal Classification number | 821.111-31 |
| Edition identifier | 2004 |
| 080 ## - UNIVERSAL DECIMAL CLASSIFICATION NUMBER | |
| Universal Decimal Classification number | (0:82-312.4) |
| Edition identifier | 2004 |
| 100 1# - MAIN ENTRY--PERSONAL NAME | |
| Personal name | Marsons, Angela |
| 240 10 - UNIFORM TITLE | |
| Uniform title | Evil games. |
| Language of a work | Slovensky |
| 245 10 - TITLE STATEMENT | |
| Title | Diabolské hry |
| Remainder of title | čím väčšie zlo, tým bezcitnejšia hra |
| Statement of responsibility, etc. | Angela Marsonsová ; [z anglického originálu] preložila Martina Šturcelová |
| 260 ## - PUBLICATION, DISTRIBUTION, ETC. | |
| Place of publication, distribution, etc. | Bratislava |
| Name of publisher, distributor, etc. | Ikar |
| Date of publication, distribution, etc. | 2017 |
| 300 ## - PHYSICAL DESCRIPTION | |
| Extent | 391, [1] s. |
| Other physical details | fot., portr. |
| 490 1# - SERIES STATEMENT | |
| Series statement | Svetový bestseller |
| 653 ## - INDEX TERM--UNCONTROLLED | |
| Uncontrolled term | 821.111-31 |
| 653 ## - INDEX TERM--UNCONTROLLED | |
| Uncontrolled term | (0:82-312.4) |
| 655 #7 - INDEX TERM--GENRE/FORM | |
| Genre/form data or focus term | anglické romány |
| Source of term | UKBPH |
| 655 #7 - INDEX TERM--GENRE/FORM | |
| Genre/form data or focus term | detektívne romány |
| Source of term | UKBPH |
| 655 #7 - INDEX TERM--GENRE/FORM | |
| Genre/form data or focus term | kriminálne romány |
| Source of term | UKBPH |
| 655 #7 - INDEX TERM--GENRE/FORM | |
| Genre/form data or focus term | príbehy |
| Source of term | UKBPH |
| 700 1# - ADDED ENTRY--PERSONAL NAME | |
| Personal name | Šturcelová, Martina |
| Relationship | trl |
| 830 #0 - SERIES ADDED ENTRY--UNIFORM TITLE | |
| Uniform title | Svetový bestseller |
| 910 ## - USER-OPTION DATA (OCLC) | |
| User-option data | ttkjf |
| 910 ## - USER-OPTION DATA (OCLC) | |
| User-option data | pppk |
| 910 ## - USER-OPTION DATA (OCLC) | |
| User-option data | pokpoh |
| 910 ## - USER-OPTION DATA (OCLC) | |
| User-option data | sllk |
| 910 ## - USER-OPTION DATA (OCLC) | |
| User-option data | bjkdg |
| 910 ## - USER-OPTION DATA (OCLC) | |
| User-option data | hevk |
| 910 ## - USER-OPTION DATA (OCLC) | |
| User-option data | skpk |
| 910 ## - USER-OPTION DATA (OCLC) | |
| User-option data | vthk |
| 910 ## - USER-OPTION DATA (OCLC) | |
| User-option data | ukb |
| 942 ## - ADDED ENTRY ELEMENTS (KOHA) | |
| Source of classification or shelving scheme | Dewey Decimal Classification |
| Koha item type | Krásna literatúra pre dospelých |
| Suppress in OPAC | No |
| 949 ## - LOCAL PROCESSING INFORMATION (OCLC) | |
| 6 | 1800720727 |
| a | SJ.D.10128 |
| b | PV.2017-4126 |
| 949 ## - LOCAL PROCESSING INFORMATION (OCLC) | |
| 6 | 1800720728 |
| a | SK.D.77129 |
| b | PV.2017-4127 |
| s | 6707:20170519 |
| Stav vyradenia | Strata | Poškodenie | Spôsob nadobudnutia | Domovská knižnica | Aktuálna knižnica | Dátum nadobudnutia | Total checkouts | Čiarový kód exemplára | Date last seen | Typ exemplára |
|---|---|---|---|---|---|---|---|---|---|---|
| Dar | Obecná knižnica Turčianska Štiavnička | Obecná knižnica Turčianska Štiavnička | 26.03.2026 | 4738000727 | 26.03.2026 | Krásna literatúra pre dospelých |
